Landen het dichtst bij Afrika - Statistieken

Algemene statistieken
  • Deze quiz is 34 keer genomen
  • De gemiddelde score is 17 van 20
Antwoordstatistieken
km land mijl % Correct
183 Israël 114
100%
71 Italië 44
100%
20 Jemen 13
100%
570 Oman 354
100%
101 Saoedi-Arabië 63
100%
0 Spanje 0
100%
202 Portugal 126
96%
352 Cyprus 219
93%
507 Turkije 315
93%
450 Frankrijk 280
89%
258 Griekenland 160
89%
212 Jordanië 132
86%
365 Syrië 227
86%
332 Libanon 207
82%
288 Malta 179
82%
645 Irak 401
79%
549 Vaticaanstad 341
71%
637 Andorra 396
68%
735 Monaco 457
68%
21 VK (Gibraltar) 13
64%
Geen overeenkomende quizzen gevonden
Scoreverdeling
Procent van Mensen met Elke Score
Percentiel versus Aantal Correcte Antwoorden
Uw Scoregeschiedenis
U heeft deze quiz nog niet genomen